[Event "Barcelona Casino"]
[Site "Barcelona, Spain"]
[Date "2006.10.22"]
[Round "?"]
[White "Lacasa Diaz, Jose Antonio"]
[Black "Bologan, Viktor"]
[Result "1/2-1/2"]
[WhiteElo "2410"]
[BlackElo "2659"]
[Annotator "Rahal, M"]
[PlyCount "135"]
[EventDate "2006.??.??"]
[Source "EDAMI"]
[SourceDate "2006.12.20"]

{He elegido esta partida para comentar por varios motivos. En primer lugar
porque me parece una partida emocionante en todas sus fases. Tuve la
oportunidad de verlo en directo a través de  ICC junto a otros centenares de
aficionados, y hubo tensión durante las 6 horas que duró. También me parece
interesante ver como un jugador de 2400 puede poner en apuros a otro de 2650,
y qué ocurre cuando no se remata. En fin, una partida bastante didáctica en
todas sus fases. Las moralejas que se pueden extraer son las siguientes: 1. Si
uno está concentrado, y con ganas, puede ganar a cualquiera. A veces nos
olvidamos que incluso con 2600-2700 los jugadores son humanos y cometen
errores. 2. A pesar de esto, cuanto más fuerte tu rival, más dificultades te
va a poner, por lo que es fundamental extremar la precaución cuando tienes la
partida ganada. Hasta que no firme la planilla, hay que poner la máxima
atención.} 1. e4 c6 2. d4 d5 3. exd5 cxd5 4. c4 {El ataque Panov, del cual
Lacasa es un especialista. Ya lo había empleado en una ronda anterior, con mal
resultado, contra Peralta, y seguramente por eso Bologan plantea de nuevo la
Caro-Kahn, pero en esta ocasión Lacasa cambia de variante (contra Peralta jugó
a base de 2.c4).} Nf6 5. Nc3 e6 6. Nf3 Bb4 {Esta jugada prácticamente ha
sustituído a 6...Be7. La clavada en c3 pretende molestar el desarrollo normal
de las piezas blancas.} 7. Bd3 dxc4 8. Bxc4 {Las negras han esperado el
desarrollo del alfil para capturar en c4, efectivamente ganando un tiempo.} O-O
9. O-O b6 {# La variante más popular en la Panov con negras, empleada
regularmente entre otros por Karpov y en su momento Polugaevsky. La estructura
de peones de las negras es superior, y esto se puede hacer notar en el final
de la partida, pero las blancas tienen más espacio y una ventaja de desarrollo,
típico de las variantes con el peón aislado en d4. La otra opción principal es
9...a6, que se considera más crítica.} 10. Bg5 Bb7 11. Ne5 {
Esta es la jugada principal de ataque.} ({Otra opción interesante es} 11. Rc1
Nbd7 12. Re1 Bxc3 $6 (12... Rc8 13. Bd3 Bxc3 14. bxc3 {es mejor}) 13. Rxc3 Qb8
14. Ne5 $1 {Dejando paso a la dama.} Nxe5 15. Rxe5 {# Diagrama de análisis.}
Nd7 16. Ree3 Qd6 17. Qg4 Rfe8 18. Bb5 $1 {El blanco está atacando por tanto
los alfiles de distinto color son una ventaja.} Rec8 19. Bxd7 Qxd7 20. Bf6 g6
21. h4 $1 ({Mejor que} 21. Rh3 Rxc3 22. bxc3 Qb5 $1 {con contrajuego}) 21... h5
22. Qg5 Kh7 23. Be5 Qd5 $2 (23... Qe8 24. Qf6 Qf8 {
resiste aunque las blancas están claramente mejor}) 24. Rf3 $1 {1-0 en la parti
da Acs-Vadazs, Budapest 1997. Para no desanimar al defensor de las posiciones
negras en esta variante, recomiendo el estudio de las partidas Portisch-Karpov
(Bujogno 1978) y Taimanov-Karpov (Moscú 1973).}) 11... Be7 ({
La variante más principal, y consecuente con ...Bb4, es} 11... Bxc3 12. bxc3
Nbd7 13. Qe2 Qc7 14. Nxd7 Nxd7 15. Rac1 Qc6 16. f3 Qd6 17. Rfd1 Rfe8 18. Bb3
Rac8 19. Bh4 Qa3 20. c4 {y las blancas están un poco mejor en la partida
Gelfand-Polgar, Wijk aan Zee 1998.}) 12. Re1 Nc6 $6 {Una jugada bastante
dudosa, que permite un golpe táctico que deja a las blancas con muy buen juego.
Se tenía que jugar 12...Nbd7, aunque las blancas podrían considerar en ese
caso 13.Nxf7 seguido de 14.Bxe6.#} {#} 13. Ba6 $1 {Especulando con la insegura
posición del caballo en c6. Este tema táctico también aparece en otras
partidas, como por ejemplo la Variante Alapin de la Siciliana. Por lo visto
Bologan había mirado esta variante meses atrás pero se había olvidado de la
teoría.} Qc8 {Única jugada para no abandonar de inmediato.} (13... Bxa6 $2 14.
Nxc6 Qe8 15. Nxe7+ Qxe7 16. Nd5 {gana de inmediato por la doble clavada.}) (
13... Nxe5 $2 {también pierde por} 14. Bxb7 $18) 14. Bxb7 Qxb7 15. Qf3 $1 {
Esta nueva clavada es muy molesta.} Rac8 16. Nb5 $1 {
Amenazando Cxa7, pero también Bxf6 seguido de Nd6 en algunas variantes.} Qa8 $2
{Decididamente Bologan no tenía su torneo. En la ronda anterior había perdido
contra López Martínez con blancas, y este error le pudo haber costado la
partida.} ({El mal menor era} 16... a6 17. Bxf6 gxf6 (17... axb5 18. Bxe7 $18)
(17... Bxf6 18. Nd6 Qc7 19. Nxc8 $18) 18. Nxc6 Rxc6 (18... Qxc6 19. Qg4+ Kh8
20. Na7 $18) 19. Nc3 Kh8 {deja a las blancas con una clara ventaja pero sin
duda era mejor que lo que ocurrió en la partida.}) 17. Bxf6 $18 {Con esta senci
lla jugada las blancas ganan la calidad o tiene un ataque fulminante.} gxf6 (
17... Bxf6 18. Nd7 Rfd8 19. Nxf6+ gxf6 20. Qxf6 {transpone a la partida} ({
aunque} 20. Nd6 $1 {es aún más fuerte aquí})) 18. Nd7 Rfd8 19. Nxf6+ Bxf6 20.
Qxf6 a6 ({O bien} 20... Rd5 21. Rxe6 $1 fxe6 (21... Rxb5 22. Re3 $18) 22. Qxe6+
Kh8 23. Qxd5 $18) {#} 21. Re3 $1 {
Lacasa, con buen criterio, prefiere seguir atacando que retirar el caballo.}
Qb7 ({El caballo no se puede capturar} 21... axb5 22. Rg3+ Kf8 23. Rg7 Qa7 24.
Rxh7 {Amenazando mate en h8.} Ke8 25. Rh8+ Kd7 26. Qxf7+ Kd6 27. Qf4+ Kd7 28.
Rh7+ Ne7 29. d5 $1 exd5 30. Rxe7+ Kxe7 31. Re1+ Kd7 32. Qf7+ $18) 22. Rg3+ Kf8
23. Re1 $1 {#Excelente jugada, y no tan eveidnete. Se amenaza Rxe6 y mate en
h8. Siempre hay que traer todas las piezas al ataque. Mi Fritz marca una
ventaja de 5.22 en este momento, más que decisiva.} Qd7 24. Na7 $1 {
Muy elegante jugada, y suficiente para ganar. O se desvía la dama o el caballo.
} ({Aún es más fuerte} 24. d5 $1 Qxd5 (24... axb5 25. Rh3 $1 Ke8 (25... Ne7 26.
Rxh7 Ng8 27. Qg7+ Ke7 28. Qxf7+ Kd6 29. Qf4+ $18) 26. Rxh7 Qe7 27. Rh8+ Kd7 28.
dxc6+ $18) 25. Rg7 e5 (25... Qh5 26. g4) 26. Rxh7 Ke8 27. Nd4 $1 {gana en todas
las variantes. Esta última jugada es muy complicada de ver or eso.}) 24... Nxd4
({Si} 24... Nxa7 25. Rg7 {Con idea de Rxh7 y mate en h8.} Qe7 26. Rg8+ $1 {
La clave: al haber desviado el caballo la dama no queda protegida.}) ({
Y en caso de} 24... Qxa7 25. Rxe6 {decide por el mate en h8.}) 25. Rg7 $1 Ne2+
26. Kf1 ({Pero no} 26. Rxe2 $4 Qd1+) 26... Nf4 {Las negras defienden como
pueden, creando pequeñas amenazas como ...Nh5 y ...Qd3+.} (26... Rc1 27. Rxf7+
$1 Qxf7 28. Qxd8+ Kg7 29. Qg5+ Kf8 30. Rxc1 Nxc1 31. Qxc1 Qxa7 32. Qh6+ $18)
27. Nxc8 Rxc8 {# Ahora se gana con varias jugadas, por ejemplo 28.Qg5 (pero no
28.Rxh7 por ...Qd3+), pero apurado de tiempo Lacasa comete su primer error,
permitiendo a Bologan un respiro.} 28. Rg3 $2 Qb5+ $1 {Antes no valía esta
jugada por el caballo en a7: el "punto ciego" como diría Alekhine.} 29. Kg1
Ne2+ 30. Kh1 (30. Rxe2 Rc1+) 30... Nxg3+ 31. fxg3 {Las negras han recuperado
la calidad, pero aún están peor, ya que su rey está peor defendido. Sin
embargo, parece que las negras tienen serias opciones de conseguir hacer
tablas ahora.} Rc2 $6 {Bologan aprovecha para hacer una jugada ofensiva, auque
más prudente era 31...Kg8.} 32. Rf1 {Amenazando mate.} Qh5 $6 (32... Rc7 $142)
33. h3 (33. Qxe6 {parece muy fuerte}) {# Ahora con 33...Qg6 34.Qh8+ Qg8 las
blancas pueden elegir si hacer tablas después de Qf6 o bien seguir jugando a
ganar con Qd4, pero en todo caso la partida está abierta. En su lugar, Bologan
inicia un paseo con el rey, que le dejará al borde del precipicio. Sin duda,
los apuros de tiempo de Lacasa influyeron en esta decisión.} 33... Ke8 $2 34.
g4 $1 Qg6 35. Qh8+ Kd7 ({Si} 35... Ke7 36. Rd1 $1 {
gana por el mate en d8, por eso había que jugar previamente g3-g4.}) 36. Rd1+
Kc6 37. Qe8+ Kc5 38. Qe7+ {El blanco empuja al rey negro a la casilla a5.} Kb5
39. Qd7+ Ka5 {# Y ahora se produce el momento fatídico. Con 30 segundos para
llegar al control de las cuarenta jugadas, Lacasa no aprecia el mate forzado
que comienza con 40.Rd4.} 40. Qd4 Qg5 41. b4+ {
Pero aún así tiene la partida ganada.} Ka4 (41... Kb5 42. a4+ Kxa4 43. b5+ $1
Ka5 (43... Kxb5 44. Rb1+ Kc6 45. Rxb6+ Kc7 46. Qd6+ Kc8 47. Rb8#) 44. Ra1+ Kxb5
45. Rb1+ $18) 42. Qd3 $1 {Amenazando la torre y el peón en a6.} Rxa2 43. Qxa6+
Kb3 {# Y ahora el segundo, y último, momento claro para ganar.} 44. Qxb6 $2 ({
Se ganaba con} 44. Qd3+ Ka4 (44... Kxb4 45. Rb1+ Ka5 (45... Kc5 46. Rb5+ Kc6
47. Rxg5) 46. Qc3+ Ka6 47. Qc8+ $18) 45. Rb1 $1 {
gana en el acto por la doble amenaza Qb3+ ganando la torre y Qa6 mate.}) 44...
Rd2 {Las blancas siguen algo mejor pero se vislumbra las tablas por un jaque
perpétuo con la dama negra.} 45. Rf1 Qd5 46. Rf3+ Rd3 47. Rxd3+ Qxd3 48. b5 Kb4
{Las opciones de tablas son muy grandes ahora.} 49. Qb7 Qd1+ 50. Kh2 Qd6+ 51.
Kh1 Qd1+ 52. Kh2 Qd6+ 53. Kg1 {Lacasa se sale del perpétuo, aún intenta ganar.}
Qc5+ 54. Kh1 Qc1+ 55. Kh2 Qf4+ 56. Kg1 Qe3+ 57. Kf1 Qf4+ 58. Ke2 Qe5+ 59. Kf3
Qxb5 {Ahora el blanco no puede comer en f7 por ...Qf1+ pero sí que puede
capturar el peón de h7.} 60. Qe4+ Kc3 $1 61. Qxh7 Qf1+ 62. Ke3 (62. Kg3 Qe1+
63. Kh2 Qe5+ $11) 62... Qe1+ (62... Qxg2 $2 63. Qd3+ {y a la siguente se
cambian las damas con Qe4 o Qd2 y las blancas ganan por el peón "h" pasado.})
63. Kf3 Qf1+ 64. Ke3 {Lacasa se conforma con las tablas.} e5 $5 {?Ahora quién
intenta ganar? Bologan ha visto una posible idea de cambiar damas en d3 en
algún momento y coronar el peón de e5.} 65. Qe4 Qe1+ 66. Kf3 Qf1+ (66... Qd1+
67. Kg3 (67. Ke3 Qd2+ 68. Kf3 Qd3+) 67... Qd3+ 68. Qxd3+ Kxd3 69. Kf2 Kd2 (
69... e4 70. Ke1 $18) 70. Kf3 $11 {también es tablas de todas formas}) 67. Ke3
Qe1+ 68. Kf3 {Una partida muy emocionante en mi opinión.} 1/2-1/2

[Event "III Calvia Open"]
[Site "Calvia"]
[Date "2006.10.25"]
[Round "6"]
[White "Spraggett, Kevin"]
[Black "Vallejo Pons, Francisco"]
[Result "1/2-1/2"]
[WhiteElo "2610"]
[BlackElo "2674"]
[Annotator "Rahal, M"]
[PlyCount "61"]
[EventDate "2006.10.21"]
[EventRounds "9"]
[Source "EDAMI"]
[SourceDate "2006.12.20"]

{Esta partida se jugó en la sexta ronda. Ambos jugadores andaban con 4/5 a
medio punto de los líderes. El GM Kevin Spraggett se caracteriza por ser un
jugador muy combativo, tanto con las blancas como con las negras, mientras que
el espíritu de lucha de Paco Vallejo está fuera de duda. Por tanto se podía
esperar un gran duelo.} 1. e4 c5 2. Nf3 d6 3. d4 cxd4 4. Nxd4 Nf6 5. Nc3 a6 6.
Bg5 {Esta es la jugada preferida de Spraggett, que alterna con la más
posicional 6.Be2.} e6 7. f4 Be7 ({Tras} 7... Qb6 8. Qd2 Qxb2 9. Rb1 Qa3 {
estaríamos de lleno en la "Variante del peón envenenado".}) 8. Qf3 {
El jugador canadiense también ha probado la extraña 8.Qe2 aquí.} Qc7 9. O-O-O
Nbd7 10. g4 b5 11. Bxf6 Nxf6 12. g5 Nd7 13. f5 {Las blancas sacrifican el peón
de g5, además con jaque, con el fin de atacar fuertemente el rey negro. No he
encontrado ninguna partida de Spraggett en las bases de datos con esta
posición, pero sin duda si la juega es que la conoce bien, no en vano ha
llegado a jugar matches de candidatos. Sin embargo, sí que hay alguna de
Vallejo, y sobretodo varias del GM cubano Reynaldo Vera, entrenador habitual
de Paco.} Nc5 {De las aproximadamente 1.000 partidas que tengo en la base de
datos con la jugada 13.f5 en la mitad el negro captura el peón y en la otra
mitad lo rechaza, preferiendo en su lugar esta jugada de caballo, que pone
presión sobre el peón de e4 y defiende e6 con el alfil de c8. No hay muchas
otras opciones, aunque 13...Ne5 se ha probado en alguna ocasión.} ({
La continuación} 13... Bxg5+ 14. Kb1 Ne5 15. Qh5 Qd8 16. Nxe6 Bxe6 17. fxe6 g6
18. exf7+ Kxf7 19. Qe2 Kg7 {es una de las posiciones críticas que surgen
después de la captura del peón. El juego es de doble filo, pero no del gusto
de todos los jugadores.}) 14. f6 {La continuación más aguda.} gxf6 15. gxf6 Bf8
16. Rg1 {La torre ocupa la columna y se prepara para invadir la séptima fila.}
Bd7 ({En una partida anterior, Paco defendió la alternativa 16...h5, que
también da lugar a grandes complicaciones} 16... h5 17. Rg7 b4 18. Nd5 exd5 19.
exd5 Nd7 20. Nc6 Bb7 21. Bh3 Bxc6 22. dxc6 Ne5 23. Bd7+ Kd8 24. Qe4 Qb6 25. Be6
Kc7 26. Bxf7 Nxc6 27. Bd5+ Bxg7 28. fxg7 Rhg8 29. Bxg8 Rxg8 30. Qe6 Rxg7 31.
Qxd6+ Kb7 32. Qh6 Qc7 33. Qxh5 Rh7 34. Qg4 Qxh2 {y después de los fuegos
artificales las negras emergen con pieza de más. Vasquez,R-Vallejo Pons,F/FIDE
W-ch 2004}) 17. Rg7 $5 b4 ({Capturar la torre con} 17... Bxg7 18. fxg7 Rg8 19.
e5 $1 {atacando la torre en a8} Qd8 $6 ({La mejor jugada} 19... O-O-O 20. exd6
{conduce a posiciones no desfavorables para las blancas.}) 20. b4 dxe5 21. bxc5
exd4 22. Ne4 Rxg7 23. Nf6+ Ke7 24. Nxd7 Qxd7 25. Qxa8 Qc7 26. Qxa6 Qxc5 27.
Qxb5 Qa3+ 28. Kb1 Rg4 29. Be2 Rf4 30. Qg5+ f6 31. Qg7+ Kd8 32. Rxd4+ {
1-0 Rodriguez Cespedes,A-Rajna,G/Pancevo 1987}) {#} 18. Nd5 $5 {Esta sacrifico
es muy típico en la Siciliana Abierta. Spraggett entiende que es la única
forma de seguir luchando por la iniciativa. No obstante, aún estamos en
terreno teórico, y es probable que ambos jugadores supieran que esta variante
ya se había jugado con anterioridad. Otra cosa es que sean capaces de recordar
todas las variantes, esto se suele hacer sobre el tablero.} exd5 19. exd5 O-O-O
20. Rxf7 {A cambio de la pieza las blancas tienen bastante iniciativa.} Bh6+
21. Kb1 Rdf8 22. Rxf8+ $1 {Mejor que 22.Re7 que era la jugada recomendada con
anterioridad. Esta idea es de Leonid Shmuter, y según el gana forzado.} Rxf8
23. Ne6 Nxe6 24. dxe6 Bxe6 25. Bh3 $1 {#Esta jugada es la clave del cambio de
torres en f8. El alfil no se puede capturar ya que después del jaque en h3 se
gana el alfil de h6. La ventaja blancas es decisiva lo que pone en entredicho
toda la variante elegida por las negras.} Qd7 ({La partida orginal de Shmuter,
analizada extensamente en Chessbase por el GM israelí Ronen Har-Zvi, continuó} 
25... Qc4 26. b3 Qc5 27. Bxe6+ Kc7 28. Bd5 Kb6 29. Qf5 Be3 30. Qd7 Qc7 31. Qe6
$1 Bg5 32. f7 a5 33. Bc4 Be7 34. Re1 Bg5 35. Qe8 Bh6 36. Qb5+ {
1-0 Shmuter,L-Kaspi,A/Czerniak Mem Israel 1996.}) 26. Qa8+ Kc7 27. Qa7+ Kc8 28.
Qxa6+ Kc7 (28... Kd8 29. Bxe6 Qxe6 30. Rxd6+ $18) 29. Qa5+ Kc6 {#} ({En caso de
} 29... Kc8 30. Rd4 $1 Bxh3 (30... Rxf6 31. Rc4+ $1 Bxc4 32. Qa8+ Kc7 33. Qa7+
$18) 31. Rc4+ Kb7 32. Rxb4+ Kc8 33. Qa6+ Kd8 34. Rb8+ Qc8 35. Qxd6+ Bd7 36.
Qb6+ Ke8 37. Qc5 $1 Kf7 38. Rxc8 Bxc8 39. Qh5+ {ganando más material.}) ({
Por su parte} 29... Kb7 30. Bg2+ {conduce al mate}) 30. Qa6+ $6 {Probablemente
en apuros de tiempo, Spraggett no consigue calcular con precisión la
continuación ganadora, analizada por Shmuter tiempo atrás.} ({
Según Har-Zvi, se gana con} 30. Rd4 Rb8 (30... Rxf6 31. Rc4+ $1 Bxc4 32. Qa4+
$18) 31. Rc4+ Bxc4 32. Bxd7+ Kxd7 33. Qa7+ Kc8 34. Qe7 {
seguido de f7 ganando fácilmente.}) 30... Kc7 31. Qa5+ {Esta partida pone de
manifiesto una de las grandes preocupaciones del ajedrez moderno: que muchas
variantes ya se han explorado hasta encontrar mejores jugadas, y por tanto
cada vez es más importante una buena memoria, que un buen entendimiento de las
estrategias del juego. Esto explica claramente la irupción de tantos jugadores
jóvenes, todos ellos dotados con excelentes memorias, capaces de jugar todas
las variantes y recordar secuencias exactas hasta la jugad 20 y aún más allá.}
1/2-1/2